000 00458nam a2200157Ia 4500
008 190813s9999 xx 000 0 und d
100 _aWest, Debi
245 _aCardboard relief sculptures/
245 _cDebi West
260 _bPublisher's Development Corporation
260 _c2018
300 _aPages 12-13, October 2018
440 _aArts and Activities: Paper, cardboard and collage
_v164: 2
650 _aArts
650 _aSculptures -- cardboard
999 _c362028
_d362028